000 00508nam a22001697a 4500
005 20251108170033.0
008 250721s2001 xx 000 0 ara d
082 1 4 _a603/حنو
100 1 _aحنون، مفيد
245 1 0 _aأساسيات علم المصطلحات الطبية لكافة المهن الطبية /
264 1 _aعمان :
_bدار البركة،
_c2001.
300 _a392ص
650 1 7 _aالمصطلحات العلمية
650 1 7 _aالطب
942 _2ddc
_cBK
999 _c38045
_d38045